Statistics for UEFA Champions League - Finals

Click here to take the quiz!

General Stats

  • This quiz has been taken 89 times
  • The average score is 30 of 41

Answer Stats

Answer% Correct
Chelsea FC
100%
FC Bayern Munich
100%
Liverpool FC
100%
FC Barcelona
99%
Paris Saint-Germain FC
99%
Real Madrid
99%
Atlético Madrid
98%
Borussia Dortmund
98%
Manchester United
98%
AC Milan
96%
Inter Milan
96%
Juventus FC
96%
AFC Ajax
94%
Arsenal FC
94%
Tottenham Hotspur FC
94%
FC Porto
91%
Olympique Marseille
90%
Valencia CF
83%
Benfica Lisbon
81%
Hamburger SV
80%
Nottingham Forest FC
79%
PSV Eindhoven
79%
AS Monaco
78%
Celtic FC
71%
AS Roma
70%
Aston Villa FC
70%
Bayer 04 Leverkusen
69%
Feyenoord
69%
Red Star Belgrade
66%
Steaua București
63%
Eintracht Frankfurt
50%
UC Sampdoria
49%
Stade de Reims
45%
ACF Fiorentina
43%
Leeds United FC
41%
Borussia Mönchengladbach
40%
AS Saint-Étienne
39%
Panathinaikos FC
38%
Malmö FF
36%
FK Partizan
28%
Club Brugge KV
26%

Score Distribution

Percentile by Number Answered

Percent of People with Each Score

Your Score History

You have not taken this quiz